[Event "GER-chT Christmas U20"]
[Site "Playchess.com INT"]
[Date "2020.12.29"]
[Round "7.4"]
[White "Conrad, Max"]
[Black "Bergmann, Lennart"]
[Result "0-1"]
[WhiteElo "1306"]
[BlackElo "1505"]
[PlyCount "100"]
[EventDate "2020.12.29"]
[EventType "team-swiss (blitz)"]
[EventRounds "7"]
[EventCountry "GER"]
[SourceTitle "CBM 200 Extra"]
[Source "ChessBase"]
[SourceDate "2021.03.31"]
[SourceVersion "1"]
[SourceVersionDate "2021.03.31"]
[SourceQuality "1"]
[WhiteTeam "Barnim Stahl Finow"]
[BlackTeam "Offenbach"]
[WhiteTeamCountry "GER"]
[BlackTeamCountry "GER"]

1. d4 Nf6 2. Bf4 d6 3. Nc3 Nbd7 4. Nf3 g6 5. e4 Bg7 6. Qd2 0-0 7. 0-0-0 Re8 8. Bh6 e5 9. dxe5 dxe5 10. Bxg7 Kxg7 11. Nxe5 Rxe5 12. Be2 Nxe4 13. Nxe4 Rxe4 14. Qc3+ Kg8 15. h4 Rxe2 16. h5 Qg5+ 17. Kb1 Qe5 18. Qd3 Qe4 19. Qc3 Qe5 20. Qd3 c6 21. hxg6 hxg6 22. Qh3 Qg7 23. a3 Nf8 24. Qh2 Qe5 25. Qh4 Bf5 26. Rc1 Re8 27. Qb4 Qb5 28. Qh4 Qe5 29. Qb4 b6 30. Qc4 Qc5 31. Qa4 Bxc2+ 32. Rxc2 Qxc2+ 33. Qxc2 Rxc2 34. Kxc2 Re2+ 35. Kc3 Rxf2 36. Rd1 Rxg2 37. Rd8 Kg7 38. Ra8 a5 39. Rb8 b5 40. Rc8 Rg3+ 41. Kc2 b4 42. axb4 axb4 43. Rxc6 b3+ 44. Kd2 Rg2+ 45. Kc3 Ne6 46. Kxb3 Nd4+ 47. Kc3 Nxc6 48. b3 Rg3+ 49. Kc4 Rxb3 50. Kxb3 Kf6 0-1

[Event "GER-chT Christmas U20"]
[Site "Playchess.com INT"]
[Date "2020.12.29"]
[Round "4.4"]
[White "Scheifel, Maximilian"]
[Black "Conrad, Max"]
[Result "1-0"]
[WhiteElo "1218"]
[BlackElo "1306"]
[PlyCount "115"]
[EventDate "2020.12.29"]
[EventType "team-swiss (blitz)"]
[EventRounds "7"]
[EventCountry "GER"]
[SourceTitle "CBM 200 Extra"]
[Source "ChessBase"]
[SourceDate "2021.03.31"]
[SourceVersion "1"]
[SourceVersionDate "2021.03.31"]
[SourceQuality "1"]
[WhiteTeam "Karlsruhe II"]
[BlackTeam "Barnim Stahl Finow"]
[WhiteTeamCountry "GER"]
[BlackTeamCountry "GER"]

1. e4 c6 2. d4 d5 3. exd5 cxd5 4. Bd3 g6 5. c3 Bf5 6. Bf4 Bxd3 7. Qxd3 Nf6 8. Nd2 Bg7 9. 0-0-0 a5 10. Qb5+ Qd7 11. Qxd7+ Nbxd7 12. Ngf3 b5 13. Ne5 Nxe5 14. Bxe5 e6 15. Nf3 0-0 16. h4 Ne4 17. Bxg7 Kxg7 18. Rhf1 Rfc8 19. Kb1 b4 20. cxb4 axb4 21. Nd2 Nxd2+ 22. Rxd2 Rc4 23. Rc1 Rac8 24. Rdc2 Rxc2 25. Rxc2 Rxc2 26. Kxc2 Kf6 27. a3 bxa3 28. bxa3 Ke7 29. Kb3 Kd6 30. Kb4 Kc7 31. Kc5 f5 32. f4 h6 33. a4 h5 34. a5 Kb7 35. Kd6 Ka6 36. Kxe6 Kxa5 37. Kxd5 Kb6 38. Ke6 Kc7 39. d5 Kd8 40. Kd6 Ke8 41. Kc7 g5 42. hxg5 h4 43. d6 h3 44. d7+ Kf7 45. d8Q h2 46. Qd1 Kg6 47. Qh1 Kh5 48. Qxh2+ Kg4 49. Qh3+ Kxf4 50. g6 Ke4 51. g7 f4 52. g8Q f3 53. Qxf3+ Ke5 54. Qe8+ Kd4 55. Qd1+ Kc5 56. Qc6+ Kb4 57. Qb1+ Ka5 58. Qa8# 1-0